| 000 | 00714nam a2200217Ii 4500 | ||
|---|---|---|---|
| 003 | JO-AjNU | ||
| 008 | 230606s9999||||xx |||||||||||||| ||und|| | ||
| 020 | _a978-0-521-01171-6/978-0-521-61465-8 | ||
| 040 |
_aJO-AjNU _beng _erda _cJO-AjNU |
||
| 041 | _aeng | ||
| 050 | 1 | 4 | _aPE14449.R384 2010 |
| 100 | 3 |
_aتأليف Redman,Stuart, _eauthor _92092 |
|
| 245 | 0 | 0 | _aEnglish Vocabulary in Use pre-intermediate&intermediate |
| 250 | _a2 ed | ||
| 264 | 3 | 1 | _aNew York:Cambridge University Press,2010 |
| 300 | _a263p | ||
| 336 |
_atext _btxt _2rdacontent |
||
| 337 |
_aunmediated _bn _2rdamedia |
||
| 338 |
_avolume _bnc _2rdacarrier |
||
| 650 | 4 |
_aEnglish Vocabulary in Use pre-intermediate&intermediate-English _92093 |
|
| 999 |
_aE1098 _c1098 _d1098 |
||